| 000 | 00528nam a2200193 a 4500 | ||
|---|---|---|---|
| 001 | 1766566526951 | ||
| 003 | YourLibrary | ||
| 005 | 20251226115018.0 | ||
| 008 | 251224s2002##################000#0#eng## | ||
| 020 | _a9780486424668 | ||
| 082 | 0 | 4 |
_a270.2092 _bAUG |
| 100 | 1 |
_aHippo.), Saint Augustine (Bishop of, _eauthor. |
|
| 245 | 1 | 0 | _aThe Confessions of St. Augustine : |
| 260 |
_bCourier Corporation, _c2002. |
||
| 300 | _a324 pages | ||
| 650 | 0 | _aReligion. | |
| 942 | _cENGLISH | ||
| 040 |
_aYourLibrary _beng _cYourLibrary |
||
| 999 |
_c604608 _d604608 |
||